Gaming Quiz

Random Gaming or Color Quiz

Rubik's Cube Colors Quiz Stats

 Plays Quiz Updated Jul 15, 2019

Score 0/6 Timer 00:15
8 Plays Today
% Correct
???
92.9%
???
91.4%
???
90.9%
???
90.3%
???
87.5%
???
82.4%

You're not logged in!

Compare scores with friends on all Sporcle quizzes.
OR
Log In

Sporcle TV

Today on Sporcle TV


Watch our educational content, quiz creation guides, and fun videos on Sporcle TV.

Show Comments

Extras

Top Quizzes Today


Score Distribution

Your Account Isn't Verified!

In order to create a playlist on Sporcle, you need to verify the email address you used during registration. Go to your Sporcle Settings to finish the process.

Report this User

Report this user for behavior that violates our Community Guidelines.

Details: